LEADER 00946nam a2200253 i 4500 001 991003178039707536 008 891101s1990 maua b 001 0 eng d 020 $a0878932801 035 $ab13035708-39ule_inst 040 $aDip.to Biologia$beng 082 00$a570$222 245 00$aMolecular systematics /$cedited by David M. Hillis, Craig Moritz 260 3 $aSunderland :$bSinauer Associates,$cc1990 300 $axvi, 588 p. :$bill. ;$c26 cm 504 $aIncludes bibliographical references (p. 526-566) 650 0$aBiology$xClassification$xMolecular aspects 700 1 $aHillis, David M. 700 1 $aMoritz, Craig 907 $a.b13035708$b14-07-11$c20-07-04 912 $a991003178039707536 945 $aLE003 570 HIL01.01 (1990)$g1$i2003000100426$lle003$o-$pE26.42$q-$rl$s- $t0$u2$v17$w2$x0$y.i13653064$z20-07-04 996 $aMolecular systematics$9287300 997 $aUNISALENTO 998 $ale003$b20-07-04$cm$da $e-$feng$gmau$h0$i0